[Event "4NCL 3 South pool A"]
[Site "Telford, ENG"]
[Date "2017.02.12"]
[Round "6.11"]
[White "Friedgood, David"]
[Black "Mihalik, Agoston"]
[Result "0-1"]
[WhiteElo "2225"]
[BlackElo "2140"]
[PlyCount "58"]
[EventDate "2017.02.12"]
[WhiteTeam "MK Phoenix 1"]
[BlackTeam "Brown Jack 1"]

1. c4 c5 2. Nf3 Nc6 3. d4 cxd4 4. Nxd4 Nf6 5. Nc3 e6 6. Ndb5 d5 7. Bf4 e5 8.
cxd5 exf4 9. dxc6 bxc6 10. Qxd8+ Kxd8 11. O-O-O+ Ke7 12. Nd4 Bd7 13. e4 fxe3
14. Ba6 g6 15. Rhe1 Bh6 16. Bb7 Rae8 17. Nxc6+ Kf8 18. fxe3 Bf5 19. b4 Ng4 20.
Kb2 Nxe3 21. Nxa7 Nxd1+ 22. Rxd1 Re7 23. Bc6 Rxa7 24. a4 Bg7 25. Kb3 Bxc3 26.
Kxc3 Rc7 27. b5 Be4 28. Kb4 Bxc6 29. Rc1 Ke7 0-1

[Event "4NCL 3 South pool A"]
[Site "Telford, ENG"]
[Date "2017.02.12"]
[Round "6.12"]
[White "Martin, Lewis"]
[Black "Fawole, John Oyeyemi"]
[Result "0-1"]
[WhiteElo "2090"]
[BlackElo "2186"]
[PlyCount "50"]
[EventDate "2017.02.12"]
[WhiteTeam "Brown Jack 1"]
[BlackTeam "MK Phoenix 1"]

1. d4 f5 2. c4 Nf6 3. Nf3 e6 4. Nc3 d5 5. Bf4 c6 6. e3 Be7 7. h4 O-O 8. Qc2 Ne4
9. O-O-O Nd7 10. Bd3 Qa5 11. Ng5 Nxc3 12. bxc3 Nb6 13. c5 Na4 14. Kd2 b6 15.
Bc7 Bd7 16. g4 h6 17. gxf5 exf5 18. Nf3 Rac8 19. Bd6 Bxd6 20. cxd6 f4 21. Ne5
fxe3+ 22. Kxe3 Rce8 23. Bh7+ Kh8 24. Bg6 Nxc3 25. Rd3 Rxe5+ 0-1

[Event "4NCL 3 South pool A"]
[Site "Telford, ENG"]
[Date "2017.02.12"]
[Round "6.13"]
[White "Fraser-Mitchell, Jeremy N"]
[Black "Richmond, Jane"]
[Result "1/2-1/2"]
[WhiteElo "2077"]
[BlackElo "2126"]
[PlyCount "62"]
[EventDate "2017.02.12"]
[WhiteTeam "MK Phoenix 1"]
[BlackTeam "Brown Jack 1"]

1. d4 Nf6 2. c4 e6 3. Nc3 Bb4 4. f3 c5 5. d5 b5 6. e4 d6 7. Bg5 h6 8. Bh4 O-O
9. Bd3 Bb7 10. Nge2 bxc4 11. Bxc4 exd5 12. Bxd5 Bxd5 13. Bxf6 Qxf6 14. Qxd5 Nd7
15. O-O Rab8 16. Rab1 Ne5 17. a3 Ba5 18. h3 Rfc8 19. f4 Nc6 20. e5 dxe5 21.
fxe5 Qxe5 22. Qxf7+ Kh7 23. Nf4 Bxc3 24. bxc3 Rxb1 25. Rxb1 Rc7 26. Qg6+ Kg8
27. Rf1 Ne7 28. Qd3 Rc6 29. Qd8+ Kh7 30. Qd3+ Kg8 31. Qd8+ Kh7 1/2-1/2

[Event "4NCL 3 South pool A"]
[Site "Telford, ENG"]
[Date "2017.02.12"]
[Round "6.14"]
[White "Girdlestone, Paul C"]
[Black "Habershon, Paul F"]
[Result "0-1"]
[WhiteElo "2119"]
[BlackElo "2041"]
[PlyCount "68"]
[EventDate "2017.02.12"]
[WhiteTeam "Brown Jack 1"]
[BlackTeam "MK Phoenix 1"]

1. Nf3 Nf6 2. c4 b6 3. d4 e6 4. a3 d5 5. cxd5 exd5 6. Bg5 Be7 7. Nc3 O-O 8. e3
Bb7 9. Rc1 Nbd7 10. Qa4 c5 11. Bd3 Ne4 12. h4 f5 13. Bf4 Ndf6 14. Ng5 Nxg5 15.
hxg5 Ne4 16. Ne2 c4 17. Bb1 Bxg5 18. f3 Bxf4 19. Nxf4 Ng5 20. Kf2 Qd6 21. Rh4
Ne6 22. Ne2 g6 23. Rch1 Rf7 24. Ke1 Bc6 25. Qc2 Re8 26. Kd1 Rfe7 27. g4 Ng5 28.
gxf5 Rxe3 29. Nf4 Nxf3 30. Ne6 Qg3 31. Qd2 Nxd2 32. Rxh7 Ba4+ 33. Bc2 Bxc2+ 34.
Kxc2 R8xe6 0-1

[Event "4NCL 3 South pool A"]
[Site "Telford, ENG"]
[Date "2017.02.12"]
[Round "6.15"]
[White "Elwin, Adrian G"]
[Black "Richmond, Peter"]
[Result "1/2-1/2"]
[WhiteElo "2010"]
[BlackElo "2097"]
[PlyCount "93"]
[EventDate "2017.02.12"]
[WhiteTeam "MK Phoenix 1"]
[BlackTeam "Brown Jack 1"]

1. d4 d5 2. c4 e5 3. dxe5 d4 4. a3 Nc6 5. e3 a5 6. Nf3 Bg4 7. Be2 Bxf3 8. gxf3
Bc5 9. O-O f6 10. exd4 Bxd4 11. Nc3 fxe5 12. f4 Qh4 13. fxe5 O-O-O 14. Nd5 Nxe5
15. Qc2 Nf6 16. Qf5+ Kb8 17. Bg5 Qe4 18. Qxe4 Nxe4 19. Bxd8 Rxd8 20. Rad1 Bxb2
21. f4 Nc6 22. Bf3 Nd6 23. c5 Nf5 24. Be4 Rf8 25. Rfe1 Bxa3 26. Bxf5 Bxc5+ 27.
Kg2 Rxf5 28. Re8+ Ka7 29. Nxc7 Nb4 30. Ne6 Kb6 31. Rd7 Na6 32. Rxg7 a4 33. Nd8
Nc7 34. Re1 Bd6 35. Rb1+ Rb5 36. Rxb5+ Kxb5 37. Nxb7 Bxf4 38. Rg4 Ne6 39. Kf3
a3 40. Rg2 Be5 41. Ke4 Bb2 42. Rc2 Ka6 43. Nd6 a2 44. Rc6+ Ka7 45. Kd5 Nf4+ 46.
Kc5 Ba3+ 47. Kb5 1/2-1/2

[Event "4NCL 3 South pool A"]
[Site "Telford, ENG"]
[Date "2017.02.12"]
[Round "6.16"]
[White "Rabbitt, Michael"]
[Black "Lambourne, Dan M"]
[Result "1/2-1/2"]
[WhiteElo "2033"]
[BlackElo "1985"]
[PlyCount "120"]
[EventDate "2017.02.12"]
[WhiteTeam "Brown Jack 1"]
[BlackTeam "MK Phoenix 1"]

1. d4 Nf6 2. c4 e6 3. Nf3 d5 4. g3 Be7 5. Bg2 c6 6. O-O Nbd7 7. Qc2 b6 8. cxd5
cxd5 9. Bf4 O-O 10. Nc3 Ba6 11. Qa4 Qc8 12. Rfc1 Qb7 13. b4 Bc4 14. e4 b5 15.
Qa5 dxe4 16. Ne5 Nxe5 17. dxe5 Nd5 18. Nxe4 Bxb4 19. Qxb4 Nxb4 20. Nf6+ gxf6
21. Bxb7 Rab8 22. Bf3 fxe5 23. Bxe5 Rbd8 24. Bf6 Rd7 25. a4 a6 26. axb5 axb5
27. Ra5 Nd5 28. Bb2 h6 29. Re1 Rc8 30. Re4 Kh7 31. Ra1 Ne7 32. Bh5 Ng6 33. Bf6
Rc5 34. g4 Rdc7 35. Bd4 R5c6 36. Ra8 Rc8 37. Rxc8 Rxc8 38. Bxg6+ Kxg6 39. h4 f5
40. h5+ Kf7 41. gxf5 exf5 42. Re3 Rd8 43. Bc3 Bd3 44. Rg3 Be2 45. Rg7+ Kf8 46.
Rg6 Rd1+ 47. Kg2 Bxh5 48. Rxh6 Bg4 49. f3 Bxf3+ 50. Kxf3 Rd3+ 51. Kf4 Rxc3 52.
Kxf5 Rc5+ 53. Ke4 Ke7 54. Rb6 Rh5 55. Kd4 Kd7 56. Kc3 Kc7 57. Rg6 Rh4 58. Kb3
Rc4 59. Rh6 Rc6 60. Rxc6+ Kxc6 1/2-1/2

[Event "4NCL 3 South pool A"]
[Site "Telford, ENG"]
[Date "2017.02.12"]
[Round "6.21"]
[White "Simons, Martin J"]
[Black "Bulmaga, Irina"]
[Result "0-1"]
[WhiteElo "2025"]
[BlackElo "2237"]
[PlyCount "78"]
[EventDate "2017.02.12"]
[WhiteTeam "Wessex"]
[BlackTeam "Wood Green MM 1"]

1. d4 Nf6 2. f3 d5 3. e4 e6 4. e5 Nfd7 5. f4 c5 6. c3 Nc6 7. Nf3 a6 8. Be3 b5
9. Be2 Bb7 10. O-O Rc8 11. g4 Qb6 12. Qd2 cxd4 13. cxd4 Bb4 14. Nc3 Na5 15. f5
Qc6 16. Rac1 Nc4 17. Bxc4 Bxc3 18. Qxc3 dxc4 19. d5 Qxd5 20. Rcd1 b4 21. Qc2
Qe4 22. Qxe4 Bxe4 23. fxe6 fxe6 24. Ng5 Bd5 25. Nf7 O-O 26. Nd6 Rxf1+ 27. Rxf1
Rc6 28. Bd4 c3 29. bxc3 bxc3 30. Kf2 c2 31. Rc1 Bxa2 32. Ke3 Bb1 33. Ne4 Nb6
34. Kd3 Nd5 35. Bc3 Nxc3 36. Nxc3 Rb6 37. Kd2 a5 38. g5 Rb4 39. g6 hxg6 0-1

[Event "4NCL 3 South pool A"]
[Site "Telford, ENG"]
[Date "2017.02.12"]
[Round "6.22"]
[White "Meszaros, Gyula"]
[Black "Pleasants, Allan J"]
[Result "1-0"]
[WhiteElo "2274"]
[BlackElo "2016"]
[PlyCount "71"]
[EventDate "2017.02.12"]
[WhiteTeam "Wood Green MM 1"]
[BlackTeam "Wessex"]

1. Nf3 c5 2. g3 Nc6 3. c4 g6 4. Nc3 Bg7 5. Bg2 d6 6. d3 Bd7 7. Bd2 Rb8 8. a3 a6
9. Rb1 b5 10. cxb5 axb5 11. b4 cxb4 12. axb4 Nh6 13. O-O Nf5 14. e3 h5 15. h4
O-O 16. Ne4 e5 17. Nfg5 Qe7 18. Qb3 Rfc8 19. Rfc1 Nd8 20. Nc3 Ne6 21. Nd5 Qd8
22. Ne4 Nc7 23. Nxc7 Rxc7 24. Ng5 Be8 25. Bd5 Rbc8 26. Rxc7 Rxc7 27. Ra1 Bf6
28. Ra8 Bxg5 29. Rxd8 Bxd8 30. Qa2 Ne7 31. Bb3 Kg7 32. Qa1 Bc6 33. e4 Ng8 34.
Be3 Be7 35. Qa6 Nf6 36. Bb6 1-0

[Event "4NCL 3 South pool A"]
[Site "Telford, ENG"]
[Date "2017.02.12"]
[Round "6.23"]
[White "McDougall, William M"]
[Black "Sygnowski, Tomasz"]
[Result "1-0"]
[WhiteElo "1971"]
[BlackElo "2124"]
[PlyCount "105"]
[EventDate "2017.02.12"]
[WhiteTeam "Wessex"]
[BlackTeam "Wood Green MM 1"]

1. d4 Nf6 2. Nf3 g6 3. g3 Bg7 4. Bg2 O-O 5. O-O d6 6. c4 c6 7. Nc3 Bg4 8. d5
Nbd7 9. dxc6 bxc6 10. Nd4 Ne5 11. h3 Bd7 12. b3 c5 13. Nc2 Rb8 14. Bf4 Nh5 15.
Bd2 Nc6 16. Rb1 Nd4 17. e3 Nc6 18. Ne2 Qc8 19. Kh2 Qa6 20. Nc3 Nf6 21. a4 Na5
22. Nb5 Qb6 23. Qe1 Nc6 24. a5 Qb7 25. b4 a6 26. bxc5 dxc5 27. Nc3 Qc7 28. Nd5
Nxd5 29. cxd5 Ne5 30. Na3 Nd3 31. Qe2 c4 32. e4 Qc5 33. Nc2 Ba4 34. Be3 Qxa5
35. Nd4 Qc7 36. f4 h5 37. h4 Bd7 38. e5 Rxb1 39. Rxb1 Rb8 40. Rxb8+ Qxb8 41.
Nc6 Qb1 42. Bd4 Bf8 43. e6 fxe6 44. Qe4 Be8 45. Qxe6+ Bf7 46. Nxe7+ Bxe7 47.
Qxe7 Qe1 48. Qd8+ Qe8 49. Qf6 Kf8 50. d6 Qe6 51. Qh8+ Bg8 52. Qg7+ Ke8 53. Bc6+
1-0

[Event "4NCL 3 South pool A"]
[Site "Telford, ENG"]
[Date "2017.02.12"]
[Round "6.24"]
[White "Manelidou, Maria"]
[Black "Gregory, Keith D F"]
[Result "1-0"]
[WhiteElo "2089"]
[BlackElo "2006"]
[PlyCount "119"]
[EventDate "2017.02.12"]
[WhiteTeam "Wood Green MM 1"]
[BlackTeam "Wessex"]

1. e4 d6 2. d4 Nf6 3. Nc3 Nbd7 4. f4 e5 5. Nf3 c6 6. dxe5 dxe5 7. fxe5 Ng4 8.
e6 fxe6 9. Ng5 Nde5 10. Qxd8+ Kxd8 11. h3 Nh6 12. Bf4 Nhf7 13. O-O-O+ Ke7 14.
Be2 g6 15. Rhf1 Bg7 16. Be3 b6 17. Kb1 h6 18. Nxf7 Nxf7 19. a4 Be5 20. Na2 Rh7
21. Nb4 Bd7 22. Nd3 Bc7 23. Nf4 Rg8 24. Rf2 Ne5 25. Nd3 Nf7 26. Bd4 e5 27. Bc3
Rd8 28. Rdf1 c5 29. Rf6 Rg7 30. b4 Bd6 31. b5 Be6 32. R6f2 Bc8 33. Nf4 exf4 34.
Bxg7 g5 35. Bh5 Be5 36. Bxf7 Bxg7 37. Bd5 Bd4 38. Rd2 Kf6 39. Rd3 Ke5 40. Ra3
a5 41. bxa6 Bxa6 42. c4 Rxd5 43. exd5 Bxc4 44. Re1+ Kxd5 45. Kc2 Kd6 46. a5
bxa5 47. Rxa5 Be3 48. Kc3 Bd5 49. Re2 Kd7 50. Ra7+ Ke6 51. Rh7 Kf5 52. Rxh6
Bd4+ 53. Kd3 f3 54. gxf3 Bxf3 55. Re8 Bg7 56. Rb6 Bg2 57. Kc4 Bd4 58. Rf8+ Ke5
59. Rg6 Bxh3 60. Rxg5+ 1-0

[Event "4NCL 3 South pool A"]
[Site "Telford, ENG"]
[Date "2017.02.12"]
[Round "6.25"]
[White "De Coverly, Roger D"]
[Black "Grigoryan, Meri"]
[Result "1/2-1/2"]
[WhiteElo "1968"]
[BlackElo "2057"]
[PlyCount "81"]
[EventDate "2017.02.12"]
[WhiteTeam "Wessex"]
[BlackTeam "Wood Green MM 1"]

1. e4 e5 2. Nf3 Nc6 3. Bb5 f5 4. d3 fxe4 5. dxe4 Nf6 6. O-O d6 7. Nc3 Bg4 8. h3
Bh5 9. Qd3 h6 10. Ne2 a6 11. Bxc6+ bxc6 12. Ng3 Bf7 13. b3 Be6 14. Bb2 Qd7 15.
Rad1 g5 16. Qe2 Qh7 17. c4 g4 18. hxg4 Bxg4 19. c5 h5 20. cxd6 cxd6 21. Qc4 Rc8
22. Rd3 h4 23. Nf5 Bxf5 24. exf5 Qxf5 25. Nxh4 Rxh4 26. Qxh4 Qxd3 27. Qxf6 Kd7
28. Qf7+ Be7 29. Qg7 Qe2 30. Ba3 c5 31. Bc1 Qh5 32. f4 Rh8 33. Kf2 Rh7 34. Qg8
Bh4+ 35. g3 Be7 36. Qd5 Qf5 37. Kg1 Rg7 38. Qb7+ Ke8 39. Qa8+ Kd7 40. Qb7+ Ke8
41. Qa8+ 1/2-1/2

[Event "4NCL 3 South pool A"]
[Site "Telford, ENG"]
[Date "2017.02.12"]
[Round "6.26"]
[White "Green, Michael"]
[Black "Adaway, William"]
[Result "1-0"]
[WhiteElo "2027"]
[BlackElo "1942"]
[PlyCount "69"]
[EventDate "2017.02.12"]
[WhiteTeam "Wood Green MM 1"]
[BlackTeam "Wessex"]

1. Nf3 d5 2. c4 e6 3. b3 Nf6 4. g3 c5 5. e3 Be7 6. Bg2 O-O 7. O-O Nc6 8. Bb2 d4
9. exd4 cxd4 10. Re1 Re8 11. d3 Bb4 12. Nbd2 a5 13. a3 Bd6 14. Nxd4 Nxd4 15.
Bxd4 e5 16. Bc3 Bg4 17. Qc2 Qb6 18. Nf3 Nd7 19. h3 Bh5 20. Nh4 Bg6 21. Nxg6
hxg6 22. Bd2 Bc5 23. Be3 Bxe3 24. Rxe3 Nc5 25. Rb1 Ne6 26. Rbe1 Nd4 27. Qb2 f6
28. Bd5+ Kf8 29. b4 axb4 30. axb4 Ra4 31. b5 Rea8 32. Kg2 Qd6 33. Bxb7 R8a7 34.
Bd5 Ra2 35. Qxd4 1-0

[Event "4NCL 3 South pool A"]
[Site "Telford, ENG"]
[Date "2017.02.12"]
[Round "6.31"]
[White "Jones, Christopher M"]
[Black "Hewitt, William"]
[Result "1/2-1/2"]
[WhiteElo "2111"]
[BlackElo "2033"]
[PlyCount "106"]
[EventDate "2017.02.12"]
[WhiteTeam "The Rookies"]
[BlackTeam "Rhyfelwyr Essyllwg"]

1. e4 c5 2. Nc3 Nc6 3. g3 g6 4. Bg2 Bg7 5. Nge2 d6 6. O-O e5 7. d3 Nge7 8. Be3
O-O 9. Qd2 Nd4 10. Nd1 Be6 11. c3 Nxe2+ 12. Qxe2 b6 13. f4 Rc8 14. Nf2 d5 15.
fxe5 d4 16. cxd4 cxd4 17. Bg5 Qd7 18. Bf3 Bxe5 19. Ng4 f6 20. Bh6 Rf7 21. Bf4
Bxf4 22. gxf4 Rff8 23. e5 Bxg4 24. Bxg4 f5 25. Bf3 Nd5 26. Bxd5+ Qxd5 27. Qg2
Qb5 28. Rad1 Rc7 29. Rd2 Rfc8 30. h4 Kh8 31. Kh2 Qd7 32. Rff2 Qe6 33. a3 Qb3
34. Qg5 Qe6 35. Rg2 Rg8 36. Rc2 Rf7 37. Qh6 Qb3 38. Rgd2 Qd5 39. Qg5 Re8 40.
Qg2 Qd8 41. Kh3 Rg7 42. Rc6 Reg8 43. Rd6 Qe7 44. Qg3 Qc7 45. Qg2 Qc1 46. Rxd4
h6 47. Rd6 Kh7 48. Kh2 g5 49. hxg5 Rxg5 50. fxg5 Rxg5 51. Rd7+ Kh8 52. Rd8+ Kh7
53. Rd7+ Kh8 1/2-1/2

[Event "4NCL 3 South pool A"]
[Site "Telford, ENG"]
[Date "2017.02.12"]
[Round "6.32"]
[White "Heaven, Peter"]
[Black "Piper, Stephen J"]
[Result "1/2-1/2"]
[WhiteElo "2033"]
[BlackElo "2074"]
[PlyCount "69"]
[EventDate "2017.02.12"]
[WhiteTeam "Rhyfelwyr Essyllwg"]
[BlackTeam "The Rookies"]

1. e4 g6 2. d4 Bg7 3. Nc3 d6 4. f4 a6 5. Nf3 Nd7 6. Bc4 e6 7. f5 Nb6 8. fxg6
hxg6 9. Bb3 Nh6 10. a4 Bd7 11. O-O Qe7 12. a5 Nc8 13. h3 Na7 14. Be3 Nc6 15.
Qe2 g5 16. g4 O-O-O 17. Bc4 Nb8 18. b4 f5 19. exf5 d5 20. Bd3 exf5 21. Bxg5
Bxd4+ 22. Nxd4 Qxg5 23. Bxf5 Nxf5 24. Nxf5 Rde8 25. Qd3 Bxf5 26. Qxf5+ Qxf5 27.
Rxf5 d4 28. Nd5 Rxh3 29. Kg2 Reh8 30. Raf1 Nd7 31. R1f4 d3 32. cxd3 Rxd3 33. g5
c6 34. Nf6 Nf8 35. Rf3 1/2-1/2

[Event "4NCL 3 South pool A"]
[Site "Telford, ENG"]
[Date "2017.02.12"]
[Round "6.33"]
[White "Gibson, Christopher A"]
[Black "Trevelyan, John"]
[Result "0-1"]
[WhiteElo "1975"]
[BlackElo "2024"]
[PlyCount "98"]
[EventDate "2017.02.12"]
[WhiteTeam "The Rookies"]
[BlackTeam "Rhyfelwyr Essyllwg"]

1. e4 d6 2. d4 Nf6 3. Nc3 e5 4. dxe5 dxe5 5. Qxd8+ Kxd8 6. Bg5 c6 7. g3 Nbd7 8.
f4 Bd6 9. Nf3 h6 10. Bxf6+ gxf6 11. f5 Bb4 12. O-O-O Bxc3 13. bxc3 Ke7 14. g4
Nc5 15. Re1 Bd7 16. Rg1 Na4 17. Re3 b5 18. h4 c5 19. g5 hxg5 20. hxg5 c4 21.
Kd2 Bc6 22. Ke1 Nc5 23. Nd2 Rh4 24. Rh3 Rxh3 25. Bxh3 Rh8 26. g6 fxg6 27. fxg6
Bxe4 28. Nxe4 Nxe4 29. Bf5 Ng5 30. Rg2 Ne6 31. Be4 Rg8 32. Bc6 a6 33. Bb7 Nc7
34. Be4 Ke6 35. Rh2 f5 36. Bb7 Rxg6 37. Rh7 Kd6 38. Bc8 Rf6 39. Rh5 f4 40. Bb7
a5 41. Be4 Ne6 42. Rh8 Nc5 43. Bf3 e4 44. Bg4 Na4 45. Ra8 Nxc3 46. Rxa5 Kc5 47.
Ra8 Rg6 48. Bh5 Rg5 49. Be8 e3 0-1

[Event "4NCL 3 South pool A"]
[Site "Telford, ENG"]
[Date "2017.02.12"]
[Round "6.34"]
[White "Hatchett, Paul"]
[Black "Jaszkiwskyj, Peter"]
[Result "1/2-1/2"]
[WhiteElo "2032"]
[BlackElo "1961"]
[PlyCount "35"]
[EventDate "2017.02.12"]
[WhiteTeam "Rhyfelwyr Essyllwg"]
[BlackTeam "The Rookies"]

1. c4 c6 2. Nc3 d5 3. e3 Nf6 4. Nf3 a6 5. b3 Bf5 6. Bb2 h6 7. d3 e6 8. Qc2 Bh7
9. Be2 Be7 10. O-O O-O 11. e4 d4 12. Na4 c5 13. b4 b6 14. bxc5 bxc5 15. Ba3
Nfd7 16. Rab1 Nc6 17. Rb2 Qc7 18. Rfb1 1/2-1/2

[Event "4NCL 3 South pool A"]
[Site "Telford, ENG"]
[Date "2017.02.12"]
[Round "6.35"]
[White "Ashley, Shane"]
[Black "Van Kemenade, Rudy"]
[Result "1-0"]
[WhiteElo "1705"]
[BlackElo "1947"]
[PlyCount "123"]
[EventDate "2017.02.12"]
[WhiteTeam "The Rookies"]
[BlackTeam "Rhyfelwyr Essyllwg"]

1. e4 e5 2. Nf3 Nf6 3. Nxe5 d6 4. Nf3 Nxe4 5. Nc3 Nf6 6. d4 d5 7. Ne5 Nbd7 8.
Be2 Bd6 9. Nxd7 Bxd7 10. O-O c6 11. Re1 O-O 12. Bf3 h6 13. g3 Bf5 14. Ne2 Re8
15. c3 g5 16. Be3 Ne4 17. Bg2 Bg6 18. Nc1 f5 19. Nd3 Qc7 20. f4 Rf8 21. Ne5
Bxe5 22. dxe5 Qe7 23. Bxe4 fxe4 24. Qd2 gxf4 25. gxf4 Kh7 26. Bf2 Rg8 27. Qe3
Bf5+ 28. Kf1 Bg4 29. Bg3 h5 30. Qf2 Bf3 31. Bh4 Qe6 32. Bg5 Qh3+ 33. Kg1 h4 34.
Re3 Rxg5+ 35. fxg5 Rg8 36. Rxf3 Rxg5+ 37. Kh1 exf3 38. Rg1 Rxg1+ 39. Kxg1 Qg2+
40. Qxg2 fxg2 41. Kxg2 Kg6 42. Kh3 Kf5 43. Kxh4 c5 44. e6 Kxe6 45. Kg4 Ke5 46.
Kf3 Kf5 47. h4 b6 48. h5 Kg5 49. h6 Kxh6 50. Kf4 Kg6 51. Ke5 d4 52. cxd4 cxd4
53. Kxd4 Kf6 54. Kd5 Ke7 55. Kc6 Ke6 56. Kb7 Kd6 57. Kxa7 Kc5 58. Ka6 b5 59.
Ka5 Kc4 60. b3+ Kc5 61. b4+ Kc4 62. a3 1-0

[Event "4NCL 3 South pool A"]
[Site "Telford, ENG"]
[Date "2017.02.12"]
[Round "6.36"]
[White "Bevan, Peter M"]
[Black "Ressel, Eva"]
[Result "1/2-1/2"]
[WhiteElo "1917"]
[BlackElo "1742"]
[PlyCount "38"]
[EventDate "2017.02.12"]
[WhiteTeam "Rhyfelwyr Essyllwg"]
[BlackTeam "The Rookies"]

1. c4 e5 2. g3 Nc6 3. Nc3 f5 4. Nf3 Nf6 5. d4 e4 6. Nh4 d5 7. cxd5 Nxd5 8. e3
g6 9. Nxd5 Qxd5 10. Ng2 Bd7 11. Bd2 Nb4 12. Nf4 Qc6 13. Bc1 Qa4 14. Qxa4 Bxa4
15. b3 Bc6 16. a3 Nd5 17. b4 Nxf4 18. gxf4 O-O-O 19. Bc4 Bd5 {Scoresheets
illegible, unable to continue} 1/2-1/2

[Event "4NCL 3 South pool A"]
[Site "Telford, ENG"]
[Date "2017.02.12"]
[Round "6.41"]
[White "Swanson, Stephen"]
[Black "Shepherd, Paul D"]
[Result "1-0"]
[WhiteElo "2172"]
[BlackElo "2074"]
[PlyCount "101"]
[EventDate "2017.02.12"]
[WhiteTeam "Poisoned Pawns 1"]
[BlackTeam "Surbiton"]

1. e4 c5 2. Nf3 e6 3. d3 d5 4. Qe2 Ne7 5. g3 Nbc6 6. Bg2 g6 7. O-O Bg7 8. c3 b6
9. e5 h6 10. h4 Qc7 11. Re1 Ba6 12. Bf4 g5 13. hxg5 Ng6 14. Qd2 hxg5 15. Bxg5
Ncxe5 16. Nxe5 Bxe5 17. f4 f6 18. Bxf6 Bxf6 19. Rxe6+ Kf7 20. Bxd5 Kg7 21. Qg2
Rad8 22. Be4 Bc8 23. Rc6 Qe7 24. Nd2 Bb7 25. Rxf6 Kxf6 26. Bxb7 Qe3+ 27. Qf2
Qxd3 28. Ne4+ Kg7 29. f5 Ne5 30. f6+ Kg6 31. Rf1 Qd7 32. Qf4 Rh5 33. f7 Qxf7
34. Nf6 Qxb7 35. Nxh5 Qe7 36. Qf5+ Kh6 37. Nf6 Rh8 38. Kg2 Ng6 39. Rh1+ Kg7 40.
Rxh8 Qe2+ 41. Qf2 Qxf2+ 42. Kxf2 Nxh8 43. Ne8+ Kf8 44. Nd6 a6 45. Nc4 b5 46.
Ne5 Ke7 47. Ke3 Ke6 48. Ke4 a5 49. b3 a4 50. bxa4 bxa4 51. c4 1-0

[Event "4NCL 3 South pool A"]
[Site "Telford, ENG"]
[Date "2017.02.12"]
[Round "6.42"]
[White "Singleton, Michael P F"]
[Black "Clark, Kevin R"]
[Result "0-1"]
[WhiteElo "2103"]
[BlackElo "2125"]
[PlyCount "62"]
[EventDate "2017.02.12"]
[WhiteTeam "Surbiton"]
[BlackTeam "Poisoned Pawns 1"]

1. d4 Nf6 2. c4 e6 3. Nf3 b6 4. Bf4 Bb7 5. e3 d5 6. Nbd2 Nbd7 7. Bd3 Be7 8. O-O
Nh5 9. cxd5 Nxf4 10. exf4 Bxd5 11. Re1 O-O 12. Ne5 g6 13. Re3 c5 14. Rg3 Bh4
15. Rh3 Bf6 16. Ne4 Bg7 17. Ng5 Nxe5 18. dxe5 h6 19. Nxf7 Rxf7 20. Qg4 g5 21.
f5 exf5 22. Bxf5 Qe7 23. e6 Rf6 24. Re3 Raf8 25. Re5 Rxf5 26. Rxf5 Rxf5 27.
Qxf5 Qxe6 28. Qxe6+ Bxe6 29. Re1 Bxa2 30. Ra1 Bf7 31. Rxa7 Bxb2 0-1

[Event "4NCL 3 South pool A"]
[Site "Telford, ENG"]
[Date "2017.02.12"]
[Round "6.43"]
[White "Hutchinson, Norman A"]
[Black "Crombleholme, Alan K"]
[Result "1/2-1/2"]
[WhiteElo "2071"]
[BlackElo "2045"]
[PlyCount "83"]
[EventDate "2017.02.12"]
[WhiteTeam "Poisoned Pawns 1"]
[BlackTeam "Surbiton"]

1. e4 e5 2. Nf3 Nc6 3. Bb5 Nd4 4. Nxd4 exd4 5. d3 c6 6. Bc4 Nf6 7. O-O d6 8.
Bg5 Be7 9. Re1 O-O 10. Nd2 Ng4 11. Bxe7 Qxe7 12. h3 Ne5 13. Bb3 Be6 14. f4 Nd7
15. Qf3 Bxb3 16. Nxb3 c5 17. Qg3 b6 18. Nd2 Qf6 19. Nf3 Qg6 20. Qf2 Rfe8 21.
Re2 Qf6 22. Nh2 Qg6 23. Rae1 Kf8 24. Qh4 h6 25. Ng4 Nf6 26. Nxf6 Qxf6 27. Qxf6
gxf6 28. Kf2 Kg7 29. Kf3 Re6 30. g4 Rae8 31. h4 Kh7 32. Rh1 Kg7 33. Rg1 Kh7 34.
Rh1 Kg7 35. Rg1 Kh7 36. Rgg2 Kg7 37. f5 R6e7 38. Rg1 Rh8 39. Rge1 Rhe8 40. Kf4
Rh8 41. Rg1 Ree8 42. Rge1 1/2-1/2

[Event "4NCL 3 South pool A"]
[Site "Telford, ENG"]
[Date "2017.02.12"]
[Round "6.44"]
[White "Faulks, Nick"]
[Black "Byway, Paul V"]
[Result "0-1"]
[WhiteElo "2001"]
[BlackElo "2054"]
[PlyCount "50"]
[EventDate "2017.02.12"]
[WhiteTeam "Surbiton"]
[BlackTeam "Poisoned Pawns 1"]

1. e4 c5 2. Nf3 e6 3. d4 cxd4 4. Nxd4 Nf6 5. Nc3 Nc6 6. Nxc6 bxc6 7. e5 Nd5 8.
Ne4 c5 9. c4 Nb4 10. a3 Nc6 11. f4 Bb7 12. Qd3 d5 13. exd6 f5 14. Nxc5 Qa5+ 15.
b4 Nxb4 16. d7+ Kf7 17. axb4 Qxa1 18. Nb3 Bxb4+ 19. Kf2 Qa2+ 20. Be2 Be4 21.
Qe3 Rhd8 22. Rd1 Rab8 23. Nc5 Bxc5 24. Qxc5 Qa6 25. Ba3 Qb6 0-1

[Event "4NCL 3 South pool A"]
[Site "Telford, ENG"]
[Date "2017.02.12"]
[Round "6.45"]
[White "Davison, Chris"]
[Black "James, Angus S"]
[Result "1-0"]
[WhiteElo "2007"]
[BlackElo "1939"]
[PlyCount "37"]
[EventDate "2017.02.12"]
[WhiteTeam "Poisoned Pawns 1"]
[BlackTeam "Surbiton"]

1. e4 c5 2. Nc3 a6 3. a4 Nc6 4. g3 e6 5. Bg2 Nf6 6. Nge2 Be7 7. d3 O-O 8. O-O
d6 9. h3 Qc7 10. f4 d5 11. exd5 exd5 12. f5 d4 13. Ne4 Nxe4 14. Bxe4 Bd6 15.
Nf4 Bd7 16. Qh5 Ne5 17. f6 Ng6 18. Nd5 Qb8 19. fxg7 1-0

[Event "4NCL 3 South pool A"]
[Site "Telford, ENG"]
[Date "2017.02.12"]
[Round "6.46"]
[White "Alcock, Graham P"]
[Black "Kemp, Paul R"]
[Result "0-1"]
[WhiteElo "1756"]
[BlackElo "2080"]
[PlyCount "42"]
[EventDate "2017.02.12"]
[WhiteTeam "Surbiton"]
[BlackTeam "Poisoned Pawns 1"]

1. e4 c6 2. d4 d5 3. Bd3 dxe4 4. Bxe4 Nf6 5. Bf3 Bf5 6. Ne2 e6 7. O-O Bd6 8.
Nd2 Nbd7 9. Nc4 Bc7 10. Bf4 Qb8 11. Bxc7 Qxc7 12. Ng3 Bg6 13. c3 O-O 14. Qe2
Rfd8 15. Rad1 Rab8 16. Rfe1 b5 17. Ne5 Nxe5 18. Qxe5 Qb6 19. a3 Rbc8 20. Nh5
Nxh5 21. Bxh5 Rd5 0-1